Kế toán quản trị

Cuốn sách KẾ TOÁN QUẢN TRỊ được xuất bản nhằm đáp ứng yêu cầu đổi mới của chương trình đào tạo và góp phần hoàn thiện hệ thống công cụ quản lý phù hợp với yêu cầu hội nhập quốc tế của nền kinh tế. nội dung sách được biên soạ...

Cur síos iomlán

Đã lưu trong:
Sonraí Bibleagrafaíochta
Príomhúdar: Đoàn Ngọc Quế (Chủ biên)
Údair Eile: Đào Tât Thắng, Lê Đình Trực
Formáid: Leabhar
Teanga:Vietnamese
Foilsithe: TP Hồ Chí Minh Kinh tế TP Hồ Chí Minh 2015
Ábhair:
Clibeanna: Cuir Clib Leis
Gan Chlibeanna, Bí ar an gcéad duine leis an taifead seo a chlibeáil!
Thư viện lưu trữ: Thư viện Trường Đại học Nam Cần Thơ
LEADER 03012nam a22003257a 4500
001 NCT_39864
008 180608b xxu||||| |||| 00| 0 vie d
999 |c 1922  |d 1922 
020 |a 9786049221996  |c 106000 
082 0 4 |2 23rd ed.  |a 658.151  |b Q507 
100 1 |a Đoàn Ngọc Quế  |e Chủ biên 
245 1 0 |a Kế toán quản trị  |c Đoàn Ngọc Quế (chủ biên) ; Đào Tất Thắng, Lê Đình Trực 
260 |a TP Hồ Chí Minh  |b Kinh tế TP Hồ Chí Minh  |c 2015 
300 |a 339 tr.  |b Minh họa  |c 24cm 
500 |a ĐTTS ghi: Trường Đại học Kinh tế TP. Hồ Chí Minh. Khoa Kế toán - Kiểm toán. Bộ môn Kế toán quản trị - phân tích hoạt động kinh doanh 
520 |a Cuốn sách KẾ TOÁN QUẢN TRỊ được xuất bản nhằm đáp ứng yêu cầu đổi mới của chương trình đào tạo và góp phần hoàn thiện hệ thống công cụ quản lý phù hợp với yêu cầu hội nhập quốc tế của nền kinh tế. nội dung sách được biên soạn đáp ứng nhu cầu học tập của các sinh viên ngành kế toán và các ngành kinh tế, dùng làm tài liệu nghiên cứu, vận dụng vào thực tiễn quản lý của các nhà quản trị trong các doanh nghiệp. 
653 |a Kế toán 
700 1 |a Đào Tât Thắng 
700 1 |a Lê Đình Trực 
942 |2 ddc  |c BK 
952 |0 0  |1 0  |2 ddc  |4 0  |6 658_151000000000000_Q507  |7 0  |9 9962  |a 000001  |b 000001  |d 2018-06-08  |o 658.151 Q507  |p MD.07581  |r 2018-06-08  |v 106000.00  |w 2018-06-08  |y BK 
952 |0 0  |1 0  |2 ddc  |4 0  |6 658_151000000000000_Q507  |7 0  |9 9963  |a 000001  |b 000001  |d 2018-06-08  |o 658.151 Q507  |p MD.07582  |r 2018-06-08  |v 106000.00  |w 2018-06-08  |y BK 
952 |0 0  |1 0  |2 ddc  |4 0  |6 658_151000000000000_Q507  |7 0  |9 9964  |a 000001  |b 000001  |d 2018-06-08  |o 658.151 Q507  |p MD.07583  |r 2018-06-08  |v 106000.00  |w 2018-06-08  |y BK 
952 |0 0  |1 0  |2 ddc  |4 0  |6 658_151000000000000_Q507  |7 0  |9 9965  |a 000001  |b 000001  |d 2018-06-08  |o 658.151 Q507  |p MD.07584  |r 2018-06-08  |v 106000.00  |w 2018-06-08  |y BK 
952 |0 0  |1 0  |2 ddc  |4 0  |6 658_151000000000000_Q507  |7 0  |9 9966  |a 000001  |b 000001  |d 2018-06-08  |o 658.151 Q507  |p MD.07585  |r 2018-06-08  |v 106000.00  |w 2018-06-08  |y BK 
952 |0 0  |1 0  |2 ddc  |4 0  |6 658_151000000000000_Q507  |7 0  |9 9967  |a 000001  |b 000001  |d 2018-06-08  |o 658.151 Q507  |p MD.07586  |r 2018-06-08  |v 106000.00  |w 2018-06-08  |y BK 
952 |0 0  |1 0  |2 ddc  |4 0  |6 658_151000000000000_Q507  |7 0  |9 9968  |a 000001  |b 000001  |d 2018-06-08  |o 658.151 Q507  |p MD.07587  |r 2018-06-08  |v 106000.00  |w 2018-06-08  |y BK 
952 |0 0  |1 0  |2 ddc  |4 0  |6 658_151000000000000_Q507  |7 0  |9 9969  |a 000001  |b 000001  |d 2018-06-08  |o 658.151 Q507  |p MD.07588  |r 2018-06-08  |v 106000.00  |w 2018-06-08  |y BK 
952 |0 0  |1 0  |2 ddc  |4 0  |6 658_151000000000000_Q507  |7 0  |9 9970  |a 000001  |b 000001  |d 2018-06-08  |l 2  |o 658.151 Q507  |p MD.07589  |r 2018-09-24  |s 2018-09-15  |v 106000.00  |w 2018-06-08  |y BK 
980 |a Thư viện Trường Đại học Nam Cần Thơ